000
00281nam a2200109Ia 4500
008
220204s9999 xx 000 0 und d
082
_a
82-3
_b
MON
100
_a
Monsarrat, Nicholas
245
0
_a
Master mariner. Book I. Running proud
260
_a
London
_b
Cassell
_c
1978
942
_c
BK
999
_c
33260
_d
33260